<?xml version="1.0" encoding="UTF-8"?><?xml-stylesheet type="text/xsl" href="static/style.xsl"?><OAI-PMH xmlns="http://www.openarchives.org/OAI/2.0/" xmlns:xsi="http://www.w3.org/2001/XMLSchema-instance" xsi:schemaLocation="http://www.openarchives.org/OAI/2.0/ http://www.openarchives.org/OAI/2.0/OAI-PMH.xsd"><responseDate>2026-06-03T00:39:39Z</responseDate><request verb="GetRecord" identifier="oai:riuma.uma.es:10630/35748" metadataPrefix="marc">https://riuma.uma.es/rest/oai/request</request><GetRecord><record><header><identifier>oai:riuma.uma.es:10630/35748</identifier><datestamp>2026-02-03T11:28:21Z</datestamp><setSpec>com_10630_2254</setSpec><setSpec>col_10630_37953</setSpec></header><metadata><record xmlns="http://www.loc.gov/MARC21/slim" xmlns:dcterms="http://purl.org/dc/terms/" xmlns:doc="http://www.lyncode.com/xoai" xmlns:xsi="http://www.w3.org/2001/XMLSchema-instance" xsi:schemaLocation="http://www.loc.gov/MARC21/slim http://www.loc.gov/standards/marcxml/schema/MARC21slim.xsd">
   <leader>00925njm 22002777a 4500</leader>
   <datafield ind2=" " ind1=" " tag="042">
      <subfield code="a">dc</subfield>
   </datafield>
   <datafield ind2=" " ind1=" " tag="720">
      <subfield code="a">López Castro, José Luis</subfield>
      <subfield code="e">author</subfield>
   </datafield>
   <datafield ind2=" " ind1=" " tag="720">
      <subfield code="a">Abidi, Faouzzi</subfield>
      <subfield code="e">author</subfield>
   </datafield>
   <datafield ind2=" " ind1=" " tag="720">
      <subfield code="a">Mora-Serrano, Bartolomé</subfield>
      <subfield code="e">author</subfield>
   </datafield>
   <datafield ind2=" " ind1=" " tag="720">
      <subfield code="a">Sánchez Moreno, Amparo</subfield>
      <subfield code="e">author</subfield>
   </datafield>
   <datafield ind2=" " ind1=" " tag="720">
      <subfield code="a">Ben Jerbania, Imed</subfield>
      <subfield code="e">author</subfield>
   </datafield>
   <datafield ind2=" " ind1=" " tag="720">
      <subfield code="a">Jendoubi, Kaouther</subfield>
      <subfield code="e">author</subfield>
   </datafield>
   <datafield ind2=" " ind1=" " tag="720">
      <subfield code="a">Niveau de Villedary y Mariñas, Ana María</subfield>
      <subfield code="e">author</subfield>
   </datafield>
   <datafield ind2=" " ind1=" " tag="720">
      <subfield code="a">Torchani, Mounir</subfield>
      <subfield code="e">author</subfield>
   </datafield>
   <datafield ind2=" " ind1=" " tag="720">
      <subfield code="a">Mederos Martín, Alfredo</subfield>
      <subfield code="e">author</subfield>
   </datafield>
   <datafield ind2=" " ind1=" " tag="720">
      <subfield code="a">Khalfalli, Walid</subfield>
      <subfield code="e">author</subfield>
   </datafield>
   <datafield ind2=" " ind1=" " tag="720">
      <subfield code="a">Ruiz Cabrero, Luis Alberto</subfield>
      <subfield code="e">author</subfield>
   </datafield>
   <datafield ind2=" " ind1=" " tag="260">
      <subfield code="c">2021-06-30</subfield>
   </datafield>
   <datafield ind2=" " ind1=" " tag="520">
      <subfield code="a">Se presentan los resultados de la campaña de excavaciones de 2016 en Utica (Túnez). En la Zona II se continuó&#xd;
excavando en el corte 21 buscando la delimitación del muro perimetral de un edificio fenicio arcaico. Se continuó la excavación al norte de dicho corte de una fosa romana. En la zona I se continuó la excavación en los sectores 21 y 22 del corte 10. El primero dio como resultado un pavimento perteneciente a una vivienda quizá del&#xd;
siglo III-II a. C. En el segundo sector, situado al extremo noreste del corte, se localizó una posible calle que delimitaría la manzana urbana fenicio-púnica. En el corte 11 se efectuó una ampliación al norte que descubrió una&#xd;
plataforma de cimentación hecha con grandes bloques, posiblemente para sostener el muro perimetral noreste&#xd;
del templo del siglo IV a. C. Por último, se efectuó una prospección geofísica en las zonas I y II para comprobar&#xd;
los límites de la ciudad y la existencia de estructuras antiguas en las inmediaciones de la antigua línea de costa.</subfield>
   </datafield>
   <datafield ind1="8" ind2=" " tag="024">
      <subfield code="a">López Castro, J. L. ., Abidi, F., Mora Serrano, B., Sánchez Moreno, A., Ben Jerbania, I., Jendoubi, K., Niveau de Villedary y Mariñas, A. M., Torchani, M., Mederos Martín, A., Khalfalli, W., &amp; Ruiz Cabrero, L. A. (2021). Proyecto Utica (Túnez). Excavaciones en la ciudad fenicio-púnica. Resultados de la campaña de 2016. Cuadernos De Prehistoria Y Arqueología De La Universidad Autónoma De Madrid, 47(1), 83–126. https://doi.org/10.15366/cupauam2021.47.1.004</subfield>
   </datafield>
   <datafield ind1="8" ind2=" " tag="024">
      <subfield code="a">https://hdl.handle.net/10630/35748</subfield>
   </datafield>
   <datafield ind1="8" ind2=" " tag="024">
      <subfield code="a">10.15366/cupauam2021.47.1.004</subfield>
   </datafield>
   <datafield tag="653" ind2=" " ind1=" ">
      <subfield code="a">Excavaciones arqueológicas</subfield>
   </datafield>
   <datafield tag="653" ind2=" " ind1=" ">
      <subfield code="a">Utica (Túnez) - Restos arqueológicos fenicios</subfield>
   </datafield>
   <datafield ind2="0" ind1="0" tag="245">
      <subfield code="a">Proyecto Utica (Túnez). Excavaciones en la ciudad fenicio-púnica. Resultados de la campaña de 2016.</subfield>
   </datafield>
</record>
</metadata></record></GetRecord></OAI-PMH>